[Event "LIGA CENTRALNE SRBIJE-ZONA SEVER"]
[Site "Kragujevac"]
[Date "2010.09.19"]
[Round "-"]
[White "Gutic, Slobodan"]
[Black "Cosovic, Miodrag"]
[Result "1/2-1/2"]
[BlackElo "2238"]
[EventDate "2010.09.11"]
[WhiteElo "1818"]

1.e4 d6 2.c4 Nf6 3.Nc3 g6 4.g3 Bg7 5.Bg2 O-O 6.Nge2 c6 7.O-O e5 8.b4 a5
9.b5 Be6 10.d3 Qc8 11.a4 Bh3 12.Rb1 Bxg2 13.Kxg2 Nbd7 14.f4 Re8 15.f5 Qc7
16.Bg5 h6 17.Bd2 Kh7 18.h3 d5 19.bxc6 bxc6 20.fxg6+ fxg6 21.cxd5 cxd5 22.Nxd5
Nxd5 23.exd5 Qd6 24.Nc3 Rac8 25.Rb5 Rc5 26.Qb3 Rxb5 27.Qxb5 Rb8 28.Qxa5
Nc5 29.Ne4 Nxe4 30.dxe4 Qa3 31.Qc7 Rb3 32.Be1 Rb2+ 33.Bf2 Qxa4 34.d6 Qxe4+
35.Kg1 Rd2 36.Rc1 Qd5 37.Qc6 Qxd6 38.Qxd6 Rxd6 39.Rc7 g5 40.Bc5 Rd1+ 41.Kf2
Rc1 42.Bd6 Rxc7 43.Bxc7 Kg6 44.Ke3 Kf5 45.g4+   1/2-1/2

[Event "LIGA CENTRALNE SRBIJE-ZONA SEVER"]
[Site "Kragujevac"]
[Date "2010.09.19"]
[Round "-"]
[White "Gavrilovic, Sasa"]
[Black "Kostic, Ninoslav"]
[Result "1/2-1/2"]
[BlackElo "2198"]
[EventDate "2010.09.11"]
[WhiteElo "2161"]

1.e4 e5 2.Nf3 d6 3.d4 exd4 4.c3 Nf6 5.Bg5 Be7 6.Bxf6 Bxf6 7.Nxd4 O-O 8.Bd3
Nd7 9.O-O Re8 10.Nd2 c6 11.Qc2 Ne5 12.Rad1 Nxd3 13.Qxd3 d5 14.Rfe1 Bg4
15.f3 Bh5 16.exd5 Rxe1+ 17.Rxe1 Qxd5 18.Qe4 Qd7 19.N2b3 Bg6 20.Nc5 Qd8
21.Qe3 h6 22.Ne4 Be7 23.f4   1/2-1/2

[Event "LIGA CENTRALNE SRBIJE-ZONA SEVER"]
[Site "Kragujevac"]
[Date "2010.09.19"]
[Round "-"]
[White "Todorcevic, Djordje"]
[Black "Joksimovic, Dusko"]
[Result "1/2-1/2"]
[BlackElo "2147"]
[EventDate "2010.09.11"]
[WhiteElo "1987"]

1.d4 Nf6 2.c4 g6 3.Nc3 Bg7 4.e4 d6 5.f3 O-O 6.Be3 c6 7.Qd2 Qa5 8.Bd3 e5
9.d5 Na6 10.Rc1 Bd7 11.Nge2 Nc5 12.Bb1 cxd5 13.Nxd5 Qxd2+ 14.Kxd2 Nxd5
15.cxd5 Rfc8 16.b4 Na6 17.a3 Nc7 18.Bd3 a6 19.Rc3 Nb5 20.Bxb5 axb5 21.Rhc1
Rxc3 22.Rxc3 Rc8 23.Kc2 f5 24.Nc1 f4 25.Bb6 Rxc3+ 26.Kxc3 g5 27.Bd8 g4
28.Nb3 h5 29.Na5 Bc8 30.Kb3 Kf7 31.Bh4 Bf6 32.Bf2 Bd8 33.a4 Bxa5 34.bxa5
bxa4+ 35.Kxa4 Bd7+ 36.Kb4 gxf3 37.gxf3 Ke8 38.Kc3 Bh3 39.Kd2   1/2-1/2

[Event "LIGA CENTRALNE SRBIJE-ZONA SEVER"]
[Site "Kragujevac"]
[Date "2010.09.19"]
[Round "-"]
[White "Mitrovic, Ljubisa"]
[Black "Stankovic, Zoran P"]
[Result "1/2-1/2"]
[BlackElo "2103"]
[EventDate "2010.09.11"]
[WhiteElo "1974"]

1.e4 c5 2.Nc3 Nc6 3.f4 d6 4.Nf3 g6 5.Bc4 Bg7 6.O-O Nf6 7.d3 O-O 8.Nd5 e6
9.Nxf6+ Bxf6 10.Bb3 b5 11.c3 b4 12.d4 bxc3 13.bxc3 cxd4 14.cxd4 d5 15.e5
Be7 16.Be3 Ba6 17.Rf2 Rb8 18.g4 Qb6 19.f5 Rfc8 20.h4 Na5 21.Bg5 Bf8 22.Qd2
Qb4 23.Qf4 Qc3 24.Rd1 Nxb3 25.axb3 Qxb3 26.Ra1 Rc6 27.fxe6 Rxe6 28.Bh6
Qb7 29.Bxf8 Rxf8 30.Ng5 Ree8 31.Rfa2 h6 32.Nf3 Re6 33.Qxh6   1/2-1/2

[Event "LIGA CENTRALNE SRBIJE-ZONA SEVER"]
[Site "Kragujevac"]
[Date "2010.09.19"]
[Round "-"]
[White "Panic, Nenad"]
[Black "Jovanovic, Bojan P"]
[Result "1/2-1/2"]
[BlackElo "2141"]
[EventDate "2010.09.11"]
[WhiteElo "2365"]

1.b3 Nf6 2.Bb2 g6 3.g3 Bg7 4.Bg2 d6 5.Nf3 O-O 6.d4 c6 7.O-O Nbd7 8.Nbd2
Qc7 9.e4 e5 10.dxe5 dxe5 11.Re1 Rd8 12.Qe2 Ne8 13.Rad1 b5 14.c4 Nc5 15.Nb1
Rxd1 16.Rxd1 Rb8 17.cxb5 cxb5 18.Nc3 Qb7 19.Rd5 Qe7 20.Qe3 Bf8 21.Rxe5
Be6 22.b4 Nd7 23.Rxb5 Rxb5 24.Nxb5 Qxb4 25.Qd4 Qxd4 26.Nfxd4 Bxa2 27.Nxa7
f6 28.Nab5 Kf7 29.Bf1 Bc5 30.Kg2 Nd6 31.Nxd6+ Bxd6 32.Bd3 Nc5 33.Bc2 Bc4
34.f4 Nd3 35.Bc3 Bc5 36.Bb3 Bxb3 37.Nxb3 Ba3 38.Kf3 Nc5 39.Na5 Ne6 40.Nb7
Nc5 41.Nd6+ Ke6 42.Nc4 Bc1 43.Bb4 Nd3 44.Bc3 Nc5 45.Bb4 Nd3 46.Bf8 Nb2
47.Ba3 Nxc4 48.Bxc1 f5 49.g4 fxe4+ 50.Kxe4 Nd6+ 51.Kd4 Nb5+ 52.Kc5 Nd6
53.Ba3 Ne4+ 54.Kd4 Nf2 55.h3 Nxh3 56.Ke3 h5 57.f5+ gxf5 58.gxh5 Kf6 59.Bf8
Kg5 60.h6 Kg6   1/2-1/2

[Event "LIGA CENTRALNE SRBIJE-ZONA SEVER"]
[Site "Kragujevac"]
[Date "2010.09.19"]
[Round "-"]
[White "Radovanovic, Nikola"]
[Black "Jovanovic, Dusan D"]
[Result "0-1"]
[BlackElo "2327"]
[EventDate "2010.09.11"]
[WhiteElo "2090"]

1.d4 Nf6 2.c4 e6 3.Nc3 Bb4 4.Qc2 O-O 5.a3 Bxc3+ 6.Qxc3 Ne4 7.Qc2 f5 8.g3
b6 9.Bg2 Bb7 10.Nf3 Nf6 11.O-O a5 12.b3 Qe8 13.Bb2 Be4 14.Qc3 Nc6 15.b4
Ne7 16.Nd2 Bxg2 17.Kxg2 Qh5 18.Qf3 Qg6 19.e3 Ne4 20.Rfd1 axb4 21.axb4 Rxa1
22.Bxa1 Ra8 23.Nxe4 fxe4 24.Qe2 d5 25.cxd5 Nxd5 26.b5 h5 27.Bb2 Rf8 28.Rc1
Rf3 29.Bc3 Qg4 30.Qa2 h4 31.Re1 Rf6 32.Qc4 hxg3 33.hxg3 Qf3+   0-1

[Event "LIGA CENTRALNE SRBIJE-ZONA SEVER"]
[Site "Kragujevac"]
[Date "2010.09.19"]
[Round "-"]
[White "Popovic, Predrag R"]
[Black "Gigovic, Nebojsa"]
[Result "1-0"]
[BlackElo "2169"]
[EventDate "2010.09.11"]
[WhiteElo "2283"]

1.d4 Nf6 2.Nc3 d5 3.Qd3 Nc6 4.Bg5 a6 5.f3 Nb4 6.Qd2 h6 7.Bh4 Nc6 8.O-O-O
e6 9.e3 Bb4 10.Bd3 b5 11.Be1 Na5 12.Qf2 Nc4 13.Nb1 Bd6 14.b3 Nb6 15.e4
Qe7 16.e5 Ba3+ 17.Nxa3 Qxa3+ 18.Kb1 Nfd7 19.Bd2 Na4 20.bxa4 bxa4 21.Ka1
Rb8 22.Rb1 Rxb1+ 23.Kxb1 Nb6 24.Qe1 Qe7 25.Bb4 Qd7 26.Ne2 Bb7 27.Qc3 Kd8
28.Ka1 Kc8 29.Rb1 Kb8 30.Bc5 Ka7 31.Qa5 Qd8 32.Nc3   1-0

[Event "LIGA CENTRALNE SRBIJE-ZONA SEVER"]
[Site "Kragujevac"]
[Date "2010.09.19"]
[Round "-"]
[White "Antic, Nenad"]
[Black "Tomovic, Aleksandar"]
[Result "1/2-1/2"]
[BlackElo "2229"]
[EventDate "2010.09.11"]
[WhiteElo "2080"]

1.d4 g6 2.c4 Bg7 3.Nc3 d6 4.e4 e5 5.Be3 Nc6 6.Nge2 f5 7.f3 Nh6 8.Qd2 f4
9.Bf2 O-O 10.d5 Ne7 11.h4 Nf7 12.O-O-O Bd7 13.c5 dxc5 14.Bxc5 Nd6 15.Kb1
Rf7 16.Nc1 Nec8 17.Be2 b6 18.Bf2 a5 19.a4 Qf8 20.Bd3 Rb8 21.Qe2 Qe8 22.b3
b5 23.axb5 Nxb5 24.Nxb5 Bxb5 25.Bxb5 Rxb5 26.Rd2 Bf8 27.Ra2 a4 28.Qc2 axb3
29.Nxb3 Nd6 30.Ka1 c6 31.dxc6 Rc7 32.Rc1 Rb4 33.Na5 Nb5 34.Bc5 Nd4 35.Qc3
Bxc5 36.Qxc5 Rxc6 37.Qd5+ Re6   1/2-1/2

[Event "Liga CS - Sever 2010"]
[Site "?"]
[Date "2010.09.19"]
[Round "2"]
[White "Jovanovic, Drasko"]
[Black "Cabarkapa, Miomir"]
[Result "1-0"]
[WhiteElo "2272"]
[BlackElo "2136"]
[PlyCount "95"]
[EventDate "2010.10.04"]
[SourceDate "2010.10.05"]

1. d4 Nf6 2. Nf3 g6 3. c4 Bg7 4. Nc3 d5 5. Bf4 O-O 6. e3 c6 7. h3 Nbd7 8. cxd5
Nxd5 9. Nxd5 cxd5 10. Bd3 Re8 11. O-O e5 12. dxe5 Nxe5 13. Nxe5 Bxe5 14. Bxe5
Rxe5 15. Qf3 Qb6 16. Rfd1 Bd7 17. Qf4 Rae8 18. Rac1 R5e7 19. b4 Ba4 20. Rd2 d4
21. Qxd4 Qxd4 22. exd4 Rd8 23. Rc4 b5 24. Rc1 Rxd4 25. a3 Red7 26. Rc3 Kg7 27.
Kf1 h5 28. f3 h4 29. Kf2 f5 30. Ke3 f4+ 31. Ke2 a6 32. Rc6 R7d6 33. Rxd6 Rxd6
34. Be4 Rxd2+ 35. Kxd2 Kf6 36. Bb7 Bb3 37. Bxa6 Bc4 38. a4 Bf1 39. Bxb5 Bxg2
40. Bc6 Ke7 41. Be4 Bxh3 42. a5 Bf1 43. Ke1 Bb5 44. Bxg6 Bc6 45. Kf2 Kd6 46.
Be4 Bb5 47. Kg2 Kc7 48. Kh3 1-0

[Event "Liga CS - Sever 2010"]
[Site "?"]
[Date "2010.09.19"]
[Round "2"]
[White "Gajic, Branko"]
[Black "Stankovic, Dragan D"]
[Result "0-1"]
[WhiteElo "2156"]
[BlackElo "2269"]
[PlyCount "52"]
[EventDate "2010.10.05"]
[SourceDate "2010.10.05"]

1. e4 e5 2. Nf3 Nc6 3. d4 exd4 4. Nxd4 Bc5 5. c3 Qf6 6. Be3 Nge7 7. Nf5 Bb6 8.
Bxb6 axb6 9. Ne3 d6 10. Nd2 Qg6 11. Be2 O-O 12. Bh5 Qh6 13. Bg4 Ne5 14. Be2 f5
15. exf5 Nxf5 16. Nxf5 Bxf5 17. O-O Qg6 18. Nc4 Bh3 19. Qd5+ Nf7 20. Bf3 Be6
21. Qd4 Ng5 22. Bd5 Rf4 23. Qd1 Rxc4 24. Bxc4 Bxc4 25. f4 Bxf1 26. Qxf1 Rf8 0-1

[Event "Liga Centralne Srbije 2010"]
[Site "?"]
[Date "2010.09.19"]
[Round "2"]
[White "Tomanovic, Nikola"]
[Black "Djuricic, Toma"]
[Result "0-1"]
[WhiteElo "2224"]
[BlackElo "2128"]
[PlyCount "74"]
[EventDate "2010.10.05"]
[SourceDate "2010.10.05"]

1. e4 e6 2. d4 d5 3. Nd2 b6 4. c3 dxe4 5. Nxe4 Bb7 6. Ng3 Nf6 7. Nf3 Nbd7 8.
Bd3 c5 9. O-O Be7 10. Qe2 O-O 11. Bd2 cxd4 12. cxd4 Nd5 13. Rfe1 N7f6 14. a3 a6
15. Rad1 b5 16. Bb1 Qb6 17. Qd3 Rfd8 18. Ne5 b4 19. a4 a5 20. Bg5 Rac8 21. Nh5
g6 22. Ng3 Nd7 23. Bh6 N5f6 24. Qe2 Nxe5 25. dxe5 Qc6 26. f3 Nd5 27. Ne4 Qxa4
28. Bd3 Qc6 29. g3 a4 30. Kg2 a3 31. bxa3 bxa3 32. h4 Nc3 33. Nxc3 Qxc3 34. h5
Rd7 35. hxg6 hxg6 36. Bb1 Rcd8 37. Rc1 Qb3 0-1

[Event "Liga Centralne Srbije 2010"]
[Site "?"]
[Date "2010.09.19"]
[Round "2"]
[White "Jocovic, Slobodan"]
[Black "Stankovic, Miljan"]
[Result "0-1"]
[WhiteElo "2133"]
[BlackElo "2194"]
[PlyCount "67"]
[EventDate "2010.10.05"]
[SourceDate "2010.10.05"]

1. d4 c5 2. dxc5 e6 3. Nc3 Bxc5 4. Ne4 d5 5. Nxc5 Qa5+ 6. c3 Qxc5 7. e4 Ne7 8.
Be3 Qc7 9. Nf3 Nbc6 10. Bd3 dxe4 11. Bxe4 b6 12. Nd4 O-O 13. Nxc6 Nxc6 14. O-O
Bb7 15. Qh5 f5 16. Bc2 Rf6 17. Rfe1 Rg6 18. f3 Ne5 19. Rf1 Nc4 20. Bc1 Rd8 21.
Bg5 Rd5 22. Rf2 Nxb2 23. Bb3 Nc4 24. Qh4 Ba6 25. Bf4 e5 26. Bd2 f4 27. Re1 Qd7
28. Bc1 Kh8 29. Rfe2 Ne3 30. Rxe3 fxe3 31. Bxd5 Qxd5 32. Bxe3 h6 33. Qa4 Bb7
34. Qe8+ {nema vise poteza} 0-1

[Event "Liga Centralne Srbije 2010"]
[Site "?"]
[Date "2010.09.19"]
[Round "2"]
[White "Tomic, Slobodan"]
[Black "Jovcic, Zoran"]
[Result "1-0"]
[WhiteElo "2063"]
[BlackElo "2098"]
[PlyCount "80"]
[EventDate "2010.10.05"]
[SourceDate "2010.10.05"]

1. Nf3 Nf6 2. c4 e6 3. b3 d5 4. Bb2 Be7 5. e3 O-O 6. Be2 b6 7. O-O Bb7 8. d4
Nbd7 9. cxd5 Nxd5 10. Nc3 c5 11. Rc1 Rc8 12. Nxd5 Bxd5 13. Ba6 Rc7 14. Qe2 Qa8
15. Rfd1 Nb8 16. Bd3 f5 17. Bc4 Bf6 18. Bxd5 exd5 19. dxc5 Bxb2 20. Qxb2 Nd7
21. cxb6 Rxc1 22. Qxc1 axb6 23. Qc7 Nf6 24. a4 Qa6 25. Nd4 Qc8 26. Qxb6 Re8 27.
Qc6 Qb8 28. g3 Qe5 29. Rc1 h5 30. Qc7 Qe4 31. Qc2 Rb8 32. Qxe4 fxe4 33. Rc7 Ne8
34. Rc5 Nf6 35. a5 Rf8 36. h3 Rd8 37. b4 Nh7 38. a6 Ng5 39. Kg2 Nf7 40. b5 Ne5
1-0

[Event "Liga Centralne Srbije 2010"]
[Site "?"]
[Date "2010.09.19"]
[Round "2"]
[White "Dragasevic, Dragan"]
[Black "Isak, Igor G"]
[Result "1-0"]
[WhiteElo "2188"]
[BlackElo "2010"]
[PlyCount "99"]
[EventDate "2010.10.05"]
[SourceDate "2010.10.05"]

1. d4 d5 2. c4 c6 3. Nc3 Nf6 4. Nf3 a6 5. cxd5 cxd5 6. Qb3 Nc6 7. Bg5 e6 8. e3
Be7 9. Bd3 Bd7 10. O-O b5 11. Rac1 O-O 12. Rfd1 Rc8 13. a3 h6 14. Bf4 Nh5 15.
Be5 f6 16. Bg3 Nxg3 17. hxg3 f5 18. Rc2 Qb6 19. Nxd5 Qd8 20. Nf4 Qb6 21. Qa2 b4
22. Rcc1 b3 23. Qb1 Bf6 24. Bc4 Na5 25. Be2 Bb5 26. Bxb5 axb5 27. Qd3 g5 28.
Ng6 Rfd8 29. Nfe5 Kg7 30. g4 Rxc1 31. Rxc1 Nc4 32. Qxb3 Nxe5 33. dxe5 Kxg6 34.
gxf5+ exf5 35. exf6 Kxf6 36. Qc3+ Kg6 37. g3 Rd6 38. Qe5 Re6 39. Qc5 Qb7 40.
Rd1 Rc6 41. Qd5 Qb6 42. Qg8+ Kf6 43. Rd5 Rd6 44. Qf8+ Ke6 45. Qxf5+ Ke7 46.
Re5+ Kd8 47. Qf8+ Kc7 48. b4 Rd1+ 49. Kh2 Qc6 50. e4 1-0

[Event "Liga Centralne Srbije 2010"]
[Site "?"]
[Date "2010.09.19"]
[Round "2"]
[White "Simic, Goran S"]
[Black "Micanovic, Slobodan"]
[Result "1/2-1/2"]
[WhiteElo "2120"]
[BlackElo "2150"]
[PlyCount "21"]
[EventDate "2010.10.05"]
[SourceDate "2010.10.05"]

1. d4 d5 2. Nf3 c6 3. e3 Bf5 4. Bd3 Bxd3 5. Qxd3 Nf6 6. Nbd2 e6 7. O-O Be7 8.
c4 O-O 9. Rd1 a6 10. b3 b5 11. a4 1/2-1/2

[Event "Liga Centralne Srbije 2010"]
[Site "?"]
[Date "2010.09.19"]
[Round "2"]
[White "Pavlovic, Ljubisa"]
[Black "Kikanovic, Zivota"]
[Result "1/2-1/2"]
[WhiteElo "2160"]
[BlackElo "2186"]
[PlyCount "99"]
[EventDate "2010.10.05"]
[SourceDate "2010.10.05"]

1. e4 Nf6 2. Nc3 d5 3. exd5 Nxd5 4. Qf3 c6 5. Bc4 e6 6. Nge2 Nd7 7. Bxd5 exd5
8. Qg3 g6 9. d4 Bg7 10. Bf4 O-O 11. Bc7 Qf6 12. O-O-O Qf5 13. Rhe1 Nf6 14. f3
b6 15. Qd6 Qd7 16. g4 Qxd6 17. Bxd6 Re8 18. Ng3 Bb7 19. g5 Nd7 20. f4 f5 21.
Be5 Ba6 22. h4 Bxe5 23. dxe5 Nf8 24. h5 Ne6 25. Nge2 Bxe2 26. Nxe2 Rad8 27. Rh1
Kg7 28. Rh4 Rh8 29. Rdh1 h6 30. gxh6+ Rxh6 31. hxg6 Rxh4 32. Rxh4 Kxg6 33. Kd2
d4 34. Rh3 c5 35. Rg3+ Kf7 36. Ra3 a5 37. Rb3 Rb8 38. a4 c4 39. Rh3 Rg8 40.
Rh7+ Rg7 41. Rxg7+ Kxg7 42. b3 cxb3 43. cxb3 Kf7 44. Kd3 Nc5+ 45. Kxd4 Nxb3+
46. Kd5 Nc5 47. Nd4 Nxa4 48. e6+ Kf6 49. e7 Kf7 50. Nxf5 1/2-1/2

[Event "Liga Centralne Srbije 2010"]
[Site "?"]
[Date "2010.09.19"]
[Round "2"]
[White "Bajevic, Branko"]
[Black "Mladenovic, Sasa D"]
[Result "1-0"]
[WhiteElo "2165"]
[BlackElo "2168"]
[PlyCount "62"]
[EventDate "2010.10.05"]
[SourceDate "2010.10.05"]

1. c4 c5 2. Nc3 g6 3. Nf3 Bg7 4. d4 cxd4 5. Nxd4 Nc6 6. Nc2 Bxc3+ 7. bxc3 Qa5
8. Bd2 Nf6 9. f3 d6 10. e4 Be6 11. Ne3 Rc8 12. Qb3 b6 13. Be2 Nd7 14. Nd5 Nc5
15. Qb1 Qa4 16. f4 f5 17. exf5 Bxf5 18. Qb5 Qxb5 19. cxb5 Na5 20. O-O e6 21. g4
Bd3 22. Rae1 Kf7 23. Ne3 Bxe2 24. Rxe2 Ne4 25. f5 gxf5 26. gxf5 Rhg8+ 27. Ng2
d5 28. fxe6+ Kxe6 29. Kh1 Rcf8 30. Nf4+ Kd6 31. c4 Nxc4 1-0

[Event "Liga Centralne Srbije 2010"]
[Site "?"]
[Date "2010.09.19"]
[Round "2"]
[White "Sajic, Velibor"]
[Black "Lukic, Predrag"]
[Result "1-0"]
[WhiteElo "2113"]
[BlackElo "2187"]
[PlyCount "103"]
[EventDate "2010.10.05"]
[SourceDate "2010.10.05"]

1. d4 Nf6 2. c4 e6 3. g3 d5 4. Nf3 dxc4 5. Bg2 c6 6. O-O Nbd7 7. Qc2 Nb6 8. Rd1
Be7 9. Na3 O-O 10. Nxc4 Nxc4 11. Qxc4 Qd5 12. Qc2 Qf5 13. Rd3 Ne4 14. Be3 Rd8
15. h3 h5 16. Rc1 f6 17. Nh4 Qh7 18. Rdd1 Nd6 19. Qb3 g5 20. Nf3 Qf5 21. h4 g4
22. Ne1 Qb5 23. Qc2 Nf5 24. Bf4 Kg7 25. e3 Bd6 26. Nd3 Bxf4 27. Nxf4 Kh6 28.
Qe4 Rd6 29. Rc5 Qxc5 30. dxc5 Rxd1+ 31. Kh2 e5 32. Qc2 Rd8 33. Ne2 Be6 34. Nc3
Rd7 35. Bf1 Rad8 36. Ne4 Kg7 37. Bc4 Bxc4 38. Qxc4 Rd5 39. Kg2 R8d7 40. b4 a6
41. a4 Ne7 42. Nd6 R7xd6 43. cxd6 Rxd6 44. Qc5 Rd7 45. Qc2 Rd5 46. f3 gxf3+ 47.
Kxf3 f5 48. Ke2 Kf6 49. Ke1 Ng6 50. Qe2 f4 51. Qxh5 e4 52. Qh6 {
nema vise poteza} 1-0

[Event "Liga Centralne Srbije 2010"]
[Site "?"]
[Date "2010.09.19"]
[Round "2"]
[White "Manojlovic, Selimir"]
[Black "Vujovic, Radojica"]
[Result "0-1"]
[WhiteElo "2114"]
[BlackElo "2122"]
[PlyCount "72"]
[EventDate "2010.10.05"]
[SourceDate "2010.10.05"]

1. e4 c5 2. Nf3 Nc6 3. d4 cxd4 4. Nxd4 Qc7 5. Nc3 e6 6. Be3 a6 7. f4 d6 8. Be2
Nf6 9. Bf3 Bd7 10. Qe2 Na5 11. g4 Nc4 12. Bc1 O-O-O 13. g5 Ng8 14. Nd1 d5 15.
b3 dxe4 16. Bxe4 Nd6 17. Bg2 Ne7 18. Bb2 Ng6 19. O-O h6 20. Rf3 Kb8 21. Nf2
hxg5 22. fxg5 e5 23. Rc3 Qb6 24. Nf3 f6 25. Qe3 Qxe3 26. Rxe3 Nf4 27. Bf1 Nf5
28. Rc3 Bc6 29. Rxc6 bxc6 30. Ne4 Kb7 31. gxf6 gxf6 32. Bc4 Be7 33. Kf2 Nh4 34.
Rh1 Nxf3 35. Kxf3 Nd5 36. a3 Rdg8 {necitko} 0-1

[Event "Liga Centralne Srbije 2010"]
[Site "?"]
[Date "2010.09.19"]
[Round "2"]
[White "Zivanovic, Bojan"]
[Black "Dragojevic, Marija"]
[Result "1/2-1/2"]
[WhiteElo "1941"]
[BlackElo "1983"]
[PlyCount "93"]
[EventDate "2010.10.05"]
[SourceDate "2010.10.05"]

1. e4 c5 2. Nf3 e6 3. d4 cxd4 4. Nxd4 Nc6 5. Nc3 Nf6 6. Be2 Bb4 7. f3 O-O 8.
Nxc6 bxc6 9. Be3 d5 10. e5 Nd7 11. f4 c5 12. Bd2 d4 13. Nb5 Bxd2+ 14. Qxd2 Bb7
15. O-O Nb6 16. c3 dxc3 17. Qxc3 Na4 18. Qc2 Qa5 19. Nd6 Bd5 20. Bf3 Qb4 21. b3
Bxf3 22. gxf3 Nb6 23. Qe4 Nd5 24. Rac1 Qd2 25. Qe1 Qxf4 26. Rc4 Qh6 27. Rh4
Qe3+ 28. Qxe3 Nxe3 29. Rc1 Nf5 30. Nxf5 exf5 31. Rhc4 Rfe8 32. f4 h6 33. h4 Re6
34. Rxc5 Rg6+ 35. Kf2 Rg4 36. Kf3 Rxh4 37. Rc8+ Rxc8 38. Rxc8+ Kh7 39. Rc7 Kg6
40. Rxa7 Rg4 41. Rc7 h5 42. Rc2 h4 43. a4 Rg3+ 44. Kf2 Rxb3 45. Ra2 Kh5 46. a5
Rb7 47. Kf3 1/2-1/2